[Event "1. Bundesliga 2017/2018"]
[Site "Grieskirchen"]
[Date "2018.01.19"]
[Round "6"]
[Board "1"]
[White "Haba, Petr"]
[Black "Melkumyan, Hrant"]
[Result "0-1"]
[WhiteElo "2454"]
[BlackElo "2669"]
[PlyCount "130"]
[EventDate "2017.11.16"]
[EventType "team"]
[EventRounds "11"]
[EventCountry "AUT"]
[WhiteTeam "Grieskirchen/Bad Schallerbach"]
[BlackTeam "ASVOE Wulkaprodersdorf"]

1.e4 c6 2.d4 d5 3.Nd2 dxe4 4.Nxe4 Bf5 5.Ng3 Bg6 6.h4 h6 7.Nf3 Nd7 8.h5 Bh7 9.Bd3 Bxd3
10.Qxd3 e6 11.Bf4 Qa5+ 12.Bd2 Bb4 13.c3 Be7 14.c4 Bb4 15.Ne4 Ngf6 16.Nd6+ Ke7 17.c5
b6 18.Nc4 Qa4 19.b3 Qb5 20.O-O-O Rhd8 21.Bxb4 Qxb4 22.Nfe5 Nxe5 23.Nxe5 Rac8 24.Qc4
Qxc4+ 25.Nxc4 Rb8 26.Ne5 Rdc8 27.cxb6 Rxb6 28.Kb2 a5 29.g4 a4 30.Rc1 Nd5 31.Rc4 axb3
32.axb3 f6 33.Nd3 Rcb8 34.Nc5 Rb4 35.Rxb4 Rxb4 36.Re1 Nc7 37.Kc3 Rb8 38.Re4 Kd6 39.f3
Nd5+ 40.Kb2 Nc7 41.Re1 Kd5 42.Ne4 Kxd4 43.Rd1+ Ke5 44.Nc5 Rb5 45.Rd7 Rxc5 46.Rxc7
Kf4 47.Rxg7 Kxf3 48.Rg6 f5 49.gxf5 exf5 50.Rxh6 f4 51.Rh8 Re5 52.h6 Re6 53.Kc2 Ke3
54.Kd1 Rd6+ 55.Ke1 Kf3 56.b4 Re6+ 57.Kf1 Rd6 58.Ke1 Rg6 59.Kf1 Re6 60.h7 Re7 61.Ra8
Rxh7 62.Ra3+ Kg4 63.Rc3 Rh6 64.Kg2 f3+ 65.Kf2 Rh2+ 0-1

[Event "1. Bundesliga 2017/2018"]
[Site "Grieskirchen"]
[Date "2018.01.19"]
[Round "6"]
[Board "2"]
[White "Kraemer, Martin"]
[Black "Kilgus, Georg"]
[Result "1-0"]
[WhiteElo "2579"]
[BlackElo "2413"]
[PlyCount "71"]
[EventDate "2017.11.16"]
[EventType "team"]
[EventRounds "11"]
[EventCountry "AUT"]
[WhiteTeam "ASVOE Wulkaprodersdorf"]
[BlackTeam "Grieskirchen/Bad Schallerbach"]

1.e4 c5 2.Nf3 e6 3.d4 cxd4 4.Nxd4 Nc6 5.Nc3 Qc7 6.g3 a6 7.Bg2 d6 8.O-O Bd7 9.Nb3 Nf6
10.f4 Be7 11.Qe2 h6 12.Kh1 O-O 13.g4 Nh7 14.Be3 b5 15.Rad1 b4 16.Na4 Rab8 17.Qf2 e5
18.Nb6 exf4 19.Bc5 Be6 20.Nd5 Bxd5 21.exd5 Ne5 22.Bd4 Nxg4 23.Qxf4 Ne5 24.c3 Bf6 25.Qg3
g6 26.Rc1 Qd8 27.c4 a5 28.c5 a4 29.c6 Qe7 30.Na5 Bh4 31.Qh3 Bg5 32.Rce1 f5 33.Nc4
Bf6 34.Qxh6 Bg7 35.Qd2 Nxc4 36.Rxe7 1-0

[Event "1. Bundesliga 2017/2018"]
[Site "Grieskirchen"]
[Date "2018.01.19"]
[Round "6"]
[Board "3"]
[White "Schwabeneder, Florian"]
[Black "Nagy, Gabor"]
[Result "1-0"]
[WhiteElo "2422"]
[BlackElo "2481"]
[PlyCount "103"]
[EventDate "2017.11.16"]
[EventType "team"]
[EventRounds "11"]
[EventCountry "AUT"]
[WhiteTeam "Grieskirchen/Bad Schallerbach"]
[BlackTeam "ASVOE Wulkaprodersdorf"]

1.e4 c5 2.Nf3 e6 3.b3 a6 4.Bb2 Nc6 5.c4 Nf6 6.e5 Ng4 7.h3 Nh6 8.g4 Be7 9.Bg2 O-O 10.O-O
d6 11.d4 cxd4 12.Nxd4 Qc7 13.exd6 Bxd6 14.Nxc6 bxc6 15.Qf3 Ra7 16.c5 Bh2+ 17.Kh1 Be5
18.Nc3 f5 19.g5 Nf7 20.h4 Qe7 21.Qe2 Qxc5 22.Na4 Qa5 23.Rac1 Bxb2 24.Qxb2 e5 25.Qc3
Qd8 26.Rfd1 Rd7 27.Rxd7 Qxd7 28.Nb6 Qe7 29.Qxc6 Be6 30.Nd5 Bxd5 31.Bxd5 Qb4 32.Rc4
Qa5 33.Qd7 g6 34.Rc8 Qxd5+ 35.Qxd5 Rxc8 36.Kg2 e4 37.h5 Kf8 38.hxg6 hxg6 39.Qe6 Rc2
40.Qxg6 e3 41.Qf6 Rxf2+ 42.Kg1 Kg8 43.Qe6 Kg7 44.Qxe3 Rxa2 45.Qc3+ Kg8 46.Qc8+ Kg7
47.Qxf5 Ra1+ 48.Kg2 Re1 49.Qf6+ Kg8 50.g6 Ne5 51.Qe7 Re2+ 52.Kf1 1-0

[Event "1. Bundesliga 2017/2018"]
[Site "Grieskirchen"]
[Date "2018.01.19"]
[Round "6"]
[Board "4"]
[White "Yankelevich, Lev"]
[Black "Webersberger, Johann"]
[Result "1/2-1/2"]
[WhiteElo "2411"]
[BlackElo "2341"]
[PlyCount "63"]
[EventDate "2017.11.16"]
[EventType "team"]
[EventRounds "11"]
[EventCountry "AUT"]
[WhiteTeam "ASVOE Wulkaprodersdorf"]
[BlackTeam "Grieskirchen/Bad Schallerbach"]

1.d4 g6 2.e4 Bg7 3.Nc3 d6 4.Be3 a6 5.f4 b5 6.Bd3 Bb7 7.Nf3 Nd7 8.e5 Nh6 9.Ng5 e6 10.Be4
Bxe4 11.Ncxe4 O-O 12.O-O Qe7 13.Qe2 f6 14.exf6 Nxf6 15.a4 Nd5 16.c3 Nxe3 17.Qxe3 Nf5
18.Qd3 b4 19.Rae1 bxc3 20.bxc3 h6 21.Nf3 Qd7 22.Qc4 Rf7 23.Nf2 d5 24.Qe2 c5 25.dxc5
Bxc3 26.Rc1 Nd4 27.Qd3 Nxf3+ 28.Qxf3 Bd2 29.Ng4 Bxf4 30.Qd3 Kh7 31.Rce1 Raf8 32.Qd4 1/2-1/2

[Event "1. Bundesliga 2017/2018"]
[Site "Grieskirchen"]
[Date "2018.01.19"]
[Round "6"]
[Board "5"]
[White "Salvenmoser, Stefan"]
[Black "Mesaros, Florian"]
[Result "0-1"]
[WhiteElo "2188"]
[BlackElo "2424"]
[PlyCount "94"]
[EventDate "2017.11.16"]
[EventType "team"]
[EventRounds "11"]
[EventCountry "AUT"]
[WhiteTeam "Grieskirchen/Bad Schallerbach"]
[BlackTeam "ASVOE Wulkaprodersdorf"]

1.e4 e5 2.Nf3 Nc6 3.Bb5 a6 4.Ba4 Nf6 5.O-O Be7 6.Re1 b5 7.Bb3 d6 8.c3 O-O 9.d4 Bg4
10.Be3 exd4 11.cxd4 Na5 12.Bc2 c5 13.d5 Nc4 14.Bc1 Nd7 15.h3 Bxf3 16.Qxf3 Bg5 17.Bxg5
Qxg5 18.b3 Nde5 19.Qf5 Qxf5 20.exf5 Nb6 21.f6 gxf6 22.Nc3 Rad8 23.Rad1 Kg7 24.Ne4
Ng6 25.Ng3 Nf4 26.Nf5+ Kh8 27.Re4 Nbxd5 28.Rd2 Rg8 29.Kf1 Rg5 30.Nxd6 Rxd6 31.Rxf4
Ne3+ 32.Ke2 Rxd2+ 33.Kxd2 Nxc2 34.Kxc2 Rxg2 35.Rxf6 Kg7 36.Rf3 Kg6 37.a4 f5 38.Kd2
Kf6 39.axb5 axb5 40.Ke2 Rg7 41.Rd3 Ke5 42.Re3+ Kd5 43.Rf3 Rf7 44.Rf4 Ke5 45.Rf3 f4
46.Rd3 Ra7 47.Rd8 Ra2+ 0-1

[Event "1. Bundesliga 2017/2018"]
[Site "Grieskirchen"]
[Date "2018.01.19"]
[Round "6"]
[Board "6"]
[White "Volkmann, Friedrich Karl"]
[Black "Obermayr, Hermann"]
[Result "1-0"]
[WhiteElo "2403"]
[BlackElo "2152"]
[PlyCount "99"]
[EventDate "2017.11.16"]
[EventType "team"]
[EventRounds "11"]
[EventCountry "AUT"]
[WhiteTeam "ASVOE Wulkaprodersdorf"]
[BlackTeam "Grieskirchen/Bad Schallerbach"]

1.e4 e6 2.d4 d5 3.exd5 exd5 4.Nf3 Bd6 5.c4 Nf6 6.Nc3 c6 7.Bg5 O-O 8.cxd5 h6 9.Bxf6
Qxf6 10.Be2 Rd8 11.Qb3 Qg6 12.dxc6 Nxc6 13.d5 Nb4 14.O-O a5 15.Rad1 Bh3 16.Ne1 Bd7
17.a3 a4 18.Qc4 Rac8 19.Qd4 Nc2 20.Qd2 Nxe1 21.Rfxe1 Bf5 22.Bd3 Qh5 23.g3 Bd7 24.Rc1
f5 25.Bb5 Rxc3 26.Bxd7 Rxc1 27.Qxc1 f4 28.Qc4 fxg3 29.hxg3 Rf8 30.Bg4 Qg5 31.Qxa4
Qf6 32.Qc2 Qg5 33.Be6+ Kh8 34.Kg2 b6 35.b4 Qf6 36.Qe2 Qg5 37.Qe3 Bf4 38.Qd4 h5 39.Rh1
Be5 40.Qe3 Bf4 41.Qxb6 Bxg3 42.fxg3 Qd2+ 43.Kh3 g5 44.Qd6 Rf2 45.Qe5+ Kh7 46.Bf5+
Kg8 47.Qe6+ Kg7 48.Qg6+ Kf8 49.Qh6+ Ke7 50.d6+ 1-0

[Event "1. Bundesliga 2017/2018"]
[Site "Grieskirchen"]
[Date "2018.01.19"]
[Round "6"]
[Board "1"]
[White "Jobava, Baadur"]
[Black "Heberla, Bartlomiej"]
[Result "1-0"]
[WhiteElo "2669"]
[BlackElo "2574"]
[PlyCount "55"]
[EventDate "2017.11.16"]
[EventType "team"]
[EventRounds "11"]
[EventCountry "AUT"]
[WhiteTeam "Schachklub Sparkasse Jenbach"]
[BlackTeam "SV Pillenkoenig St. Veit"]

1.d4 d5 2.c4 e6 3.Nc3 Nf6 4.Bg5 Nbd7 5.cxd5 exd5 6.e3 Be7 7.Bd3 c6 8.Nge2 Nh5 9.Bxe7
Qxe7 10.g4 Nhf6 11.Ng3 g6 12.Qe2 Nb6 13.g5 Ng8 14.h4 h6 15.O-O-O Be6 16.h5 Qxg5 17.hxg6
fxg6 18.Rdg1 Qf6 19.Bxg6+ Qxg6 20.Nge4 Qh7 21.Rxg8+ Qxg8 22.Nf6+ Ke7 23.Nxg8+ Raxg8
24.Qh5 Kd7 25.Ne2 Kc8 26.Rg1 Rxg1+ 27.Nxg1 Nd7 28.Ne2 1-0

[Event "1. Bundesliga 2017/2018"]
[Site "Grieskirchen"]
[Date "2018.01.19"]
[Round "6"]
[Board "2"]
[White "Bosiocic, Marin"]
[Black "Nisipeanu, Liviu-Dieter"]
[Result "1/2-1/2"]
[WhiteElo "2605"]
[BlackElo "2681"]
[PlyCount "60"]
[EventDate "2017.11.16"]
[EventType "team"]
[EventRounds "11"]
[EventCountry "AUT"]
[WhiteTeam "SV Pillenkoenig St. Veit"]
[BlackTeam "Schachklub Sparkasse Jenbach"]

1.d4 Nf6 2.c4 e6 3.Nf3 d5 4.g3 dxc4 5.Bg2 Bb4+ 6.Bd2 a5 7.a3 Be7 8.Qa4+ Nbd7 9.Qxc4
O-O 10.O-O c5 11.Nc3 b6 12.Rfd1 Ba6 13.Qa2 Bb7 14.Bg5 Nd5 15.Bxe7 Qxe7 16.Rac1 cxd4
17.Nxd4 Nxc3 18.Rxc3 Bxg2 19.Kxg2 Nc5 20.Qc4 Qb7+ 21.f3 Rad8 22.Rdc1 a4 23.b4 axb3
24.Nxb3 Nxb3 25.Qxb3 Rd2 26.R3c2 Rxc2 27.Rxc2 h6 28.Rb2 Ra8 29.Qxb6 Qxb6 30.Rxb6 Rxa3 1/2-1/2

[Event "1. Bundesliga 2017/2018"]
[Site "Grieskirchen"]
[Date "2018.01.19"]
[Round "6"]
[Board "3"]
[White "Volokitin, Andrei"]
[Black "Brkic, Ante"]
[Result "1/2-1/2"]
[WhiteElo "2632"]
[BlackElo "2596"]
[PlyCount "69"]
[EventDate "2017.11.16"]
[EventType "team"]
[EventRounds "11"]
[EventCountry "AUT"]
[WhiteTeam "Schachklub Sparkasse Jenbach"]
[BlackTeam "SV Pillenkoenig St. Veit"]

1.e4 c5 2.Nf3 d6 3.d4 cxd4 4.Nxd4 Nf6 5.Nc3 a6 6.h3 e6 7.g4 h6 8.Bg2 Be7 9.b3 Nc6
10.Nxc6 bxc6 11.e5 dxe5 12.Qxd8+ Kxd8 13.Bxc6 Rb8 14.Bb2 Kc7 15.Bg2 Bb7 16.O-O Rhd8
17.Na4 Nd7 18.Rfe1 Bxg2 19.Kxg2 f6 20.Rad1 Nb6 21.Nxb6 Kxb6 22.Kf3 Bc5 23.Ke2 Kc6
24.f3 g5 25.Rxd8 Rxd8 26.h4 Rf8 27.Bc1 f5 28.hxg5 hxg5 29.gxf5 exf5 30.Bxg5 Rg8 31.Be3
Rg2+ 32.Kd3 e4+ 33.fxe4 fxe4+ 34.Kc3 Rg3 35.Kd2 1/2-1/2

[Event "1. Bundesliga 2017/2018"]
[Site "Grieskirchen"]
[Date "2018.01.19"]
[Round "6"]
[Board "4"]
[White "Antoniewski, Rafal"]
[Black "Acs, Peter"]
[Result "1/2-1/2"]
[WhiteElo "2528"]
[BlackElo "2592"]
[PlyCount "46"]
[EventDate "2017.11.16"]
[EventType "team"]
[EventRounds "11"]
[EventCountry "AUT"]
[WhiteTeam "SV Pillenkoenig St. Veit"]
[BlackTeam "Schachklub Sparkasse Jenbach"]

1.e4 e5 2.Nf3 Nc6 3.Bb5 a6 4.Ba4 Nf6 5.O-O Be7 6.Re1 b5 7.Bb3 d6 8.c3 O-O 9.d4 Bg4
10.Be3 exd4 11.cxd4 Na5 12.Bc2 c5 13.h3 Bxf3 14.Qxf3 cxd4 15.Bxd4 Nc6 16.Be3 Nb4 17.Bb3
Nd3 18.Re2 Ne5 19.Qf5 g6 20.Qf4 Nd3 21.Qf3 Ne5 22.Qf4 Nd3 23.Qf3 Ne5 1/2-1/2

[Event "1. Bundesliga 2017/2018"]
[Site "Grieskirchen"]
[Date "2018.01.19"]
[Round "6"]
[Board "5"]
[White "Shengelia, David"]
[Black "Kuljasevic, Davorin"]
[Result "1/2-1/2"]
[WhiteElo "2505"]
[BlackElo "2538"]
[PlyCount "104"]
[EventDate "2017.11.16"]
[EventType "team"]
[EventRounds "11"]
[EventCountry "AUT"]
[WhiteTeam "Schachklub Sparkasse Jenbach"]
[BlackTeam "SV Pillenkoenig St. Veit"]

1.d4 Nf6 2.c4 e6 3.Nc3 Bb4 4.e3 O-O 5.Nf3 b6 6.Bd3 Bb7 7.O-O c5 8.Na4 cxd4 9.exd4
Re8 10.a3 Bf8 11.b4 a5 12.b5 d6 13.Nd2 Nbd7 14.Nb3 e5 15.d5 Qc7 16.Be3 g6 17.h3 Bg7
18.Rc1 Nc5 19.Nbxc5 dxc5 20.f4 Nh5 21.f5 e4 22.Be2 Ng3 23.f6 Nxf1 24.Qxf1 Bf8 25.Qf4
Bd6 26.Qh6 Bf8 27.Qh4 Re5 28.Bf4 Rae8 29.Rc3 Qd8 30.Bxe5 Rxe5 31.Re3 Bg7 32.Rxe4 Bxf6
33.Qf4 Rxe4 34.Qxe4 Qd6 35.Qf3 Bd4+ 36.Kh1 Bc8 37.g4 Kg7 38.Kg2 f5 39.Bd3 fxg4 40.hxg4
Bf6 41.Be2 Bd8 42.Nc3 Bc7 43.Ne4 Qh2+ 44.Kf1 Qe5 45.Kg2 Qh2+ 46.Kf1 Qe5 47.Kg2 h6
48.Ng3 Qb2 49.Qe4 Kf7 50.Qf3+ Kg7 51.Qe4 Kf7 52.Qf3+ Kg7 1/2-1/2

[Event "1. Bundesliga 2017/2018"]
[Site "Grieskirchen"]
[Date "2018.01.19"]
[Round "6"]
[Board "6"]
[White "Rogic, Davor"]
[Black "Schlosser, Philipp"]
[Result "1/2-1/2"]
[WhiteElo "2515"]
[BlackElo "2511"]
[PlyCount "133"]
[EventDate "2017.11.16"]
[EventType "team"]
[EventRounds "11"]
[EventCountry "AUT"]
[WhiteTeam "SV Pillenkoenig St. Veit"]
[BlackTeam "Schachklub Sparkasse Jenbach"]

1.e4 e5 2.Nf3 Nc6 3.Bb5 a6 4.Ba4 Nf6 5.O-O Be7 6.Re1 b5 7.Bb3 d6 8.c3 O-O 9.h3 Bb7
10.d4 Re8 11.Ng5 Rf8 12.Nf3 Re8 13.Nbd2 Bf8 14.a3 Nb8 15.Bc2 Nbd7 16.b4 g6 17.Bb2
Rc8 18.a4 c6 19.Bb3 exd4 20.cxd4 d5 21.e5 Nh5 22.Bc3 a5 23.bxa5 b4 24.Bb2 Nf4 25.Bc2
Qxa5 26.Nb3 Qa7 27.Nh4 Ne6 28.Qg4 c5 29.dxc5 Ndxc5 30.Nd4 Ne4 31.Bxe4 dxe4 32.Nb5
Qb6 33.Re2 Red8 34.Nf5 h5 35.Qg3 Rd3 36.Ne3 Ba6 37.Qh4 Bxb5 38.axb5 Qxb5 39.Qxe4 Rcd8
40.Qc4 Qxc4 41.Nxc4 Bc5 42.Nd6 Bxd6 43.exd6 R3xd6 44.Re4 Rb6 45.Ra4 Rdb8 46.Rc4 Rb5
47.g4 b3 48.gxh5 gxh5 49.Ra7 Rc5 50.Raa4 Rxc4 51.Rxc4 Kh7 52.Rc3 Rb5 53.Rf3 f5 54.Rd3
Kg6 55.Rd6 Kf7 56.Kg2 Rb4 57.Rd7+ Ke8 58.Rd2 Rc4 59.Rd6 Nf4+ 60.Kf3 Nxh3 61.Rb6 Ng5+
62.Kg2 Rg4+ 63.Kf1 Ne4 64.Bc1 Rh4 65.Kg2 Rg4+ 66.Kf1 Rh4 67.Kg2 1/2-1/2

[Event "1. Bundesliga 2017/2018"]
[Site "Grieskirchen"]
[Date "2018.01.20"]
[Round "7"]
[Board "1"]
[White "Heberla, Bartlomiej"]
[Black "Dragnev, Valentin"]
[Result "1/2-1/2"]
[WhiteElo "2574"]
[BlackElo "2482"]
[PlyCount "84"]
[EventDate "2017.11.16"]
[EventType "team"]
[EventRounds "11"]
[EventCountry "AUT"]
[WhiteTeam "SV Pillenkoenig St. Veit"]
[BlackTeam "mpimmo Wien - SK Ottakring"]

1.d4 e6 2.Nf3 c5 3.e4 cxd4 4.Nxd4 Nc6 5.Nc3 Qc7 6.Be2 Nf6 7.O-O Be7 8.Be3 O-O 9.f4
d6 10.Kh1 Nxd4 11.Qxd4 b6 12.Bf3 Bb7 13.Nb5 Qb8 14.c4 Rd8 15.f5 exf5 16.exf5 Bxf3
17.Rxf3 d5 18.cxd5 Rxd5 19.Qc4 Qd8 20.Nc3 Rc8 21.Qa4 Rd7 22.Rff1 Qc7 23.Rac1 Qb7 24.Rcd1
Rcd8 25.Rxd7 Rxd7 26.Rd1 Rxd1+ 27.Qxd1 h6 28.h3 b5 29.Qf3 Qxf3 30.gxf3 a6 31.Kg2 Bb4
32.Ne4 Nd5 33.Bc5 Bxc5 34.Nxc5 a5 35.Kg3 Kf8 36.f4 Ne7 37.f6 gxf6 38.Kf3 f5 39.Nb7
a4 40.Nd6 b4 41.Ke3 a3 42.bxa3 bxa3 1/2-1/2

[Event "1. Bundesliga 2017/2018"]
[Site "Grieskirchen"]
[Date "2018.01.20"]
[Round "7"]
[Board "2"]
[White "Banusz, Tamas"]
[Black "Bosiocic, Marin"]
[Result "1-0"]
[WhiteElo "2617"]
[BlackElo "2605"]
[PlyCount "113"]
[EventDate "2017.11.16"]
[EventType "team"]
[EventRounds "11"]
[EventCountry "AUT"]
[WhiteTeam "mpimmo Wien - SK Ottakring"]
[BlackTeam "SV Pillenkoenig St. Veit"]

1.Nf3 d5 2.g3 c6 3.Bg2 Bg4 4.O-O e6 5.c4 Nd7 6.cxd5 exd5 7.d3 Ngf6 8.h3 Bxf3 9.Bxf3
Bd6 10.Bg2 O-O 11.e4 Re8 12.Nc3 dxe4 13.dxe4 Be5 14.Qc2 Nc5 15.Be3 Qd3 16.Rac1 Qxc2
17.Rxc2 Bxc3 18.Bxc5 Ba5 19.b4 Bb6 20.Re1 Nd7 21.Bd6 Ne5 22.Rd1 Rad8 23.Rdd2 Rd7 24.Bxe5
Rxd2 25.Rxd2 Rxe5 26.Rd7 f5 27.a4 a5 28.Rxb7 Bd4 29.Rd7 Bb6 30.Rb7 Bd4 31.Rd7 Bb6
32.bxa5 Rxa5 33.exf5 Rxf5 34.Rd2 Rc5 35.Rb2 Rc1+ 36.Kh2 Ba5 37.Be4 g6 38.Rb8+ Kg7
39.Rb7+ Kh8 40.Rb8+ Kg7 41.Rb7+ Kh8 42.h4 Rc4 43.f3 Rc5 44.Kh3 Kg8 45.g4 Rc4 46.g5
Rxa4 47.Ra7 Ra3 48.Bxc6 Bb4 49.Rb7 Bf8 50.h5 Ra5 51.Bb5 gxh5 52.Kh4 Bc5 53.Kxh5 Be3
54.g6 hxg6+ 55.Kxg6 Kf8 56.Rf7+ Kg8 57.Re7 1-0

[Event "1. Bundesliga 2017/2018"]
[Site "Grieskirchen"]
[Date "2018.01.20"]
[Round "7"]
[Board "3"]
[White "Brkic, Ante"]
[Black "Papp, Gabor"]
[Result "1/2-1/2"]
[WhiteElo "2596"]
[BlackElo "2614"]
[PlyCount "53"]
[EventDate "2017.11.16"]
[EventType "team"]
[EventRounds "11"]
[EventCountry "AUT"]
[WhiteTeam "SV Pillenkoenig St. Veit"]
[BlackTeam "mpimmo Wien - SK Ottakring"]

1.e4 e5 2.Nf3 Nf6 3.Nxe5 d6 4.Nf3 Nxe4 5.d4 d5 6.Bd3 Bd6 7.O-O O-O 8.c4 c6 9.Re1 Bf5
10.Qb3 Qd7 11.Nc3 Nxc3 12.Bxf5 Qxf5 13.bxc3 b6 14.h3 dxc4 15.Qxc4 b5 16.Qb3 a5 17.Ba3
a4 18.Qb2 Bxa3 19.Qxa3 Nd7 20.Ne5 Rac8 21.Nxd7 Qxd7 22.Re7 Qd5 23.Re5 Qd7 24.Re7 Qd5
25.Re5 Qd7 26.Re7 Qd5 27.Re5 1/2-1/2

[Event "1. Bundesliga 2017/2018"]
[Site "Grieskirchen"]
[Date "2018.01.20"]
[Round "7"]
[Board "4"]
[White "Stohl, Igor"]
[Black "Antoniewski, Rafal"]
[Result "1/2-1/2"]
[WhiteElo "2497"]
[BlackElo "2528"]
[PlyCount "61"]
[EventDate "2017.11.16"]
[EventType "team"]
[EventRounds "11"]
[EventCountry "AUT"]
[WhiteTeam "mpimmo Wien - SK Ottakring"]
[BlackTeam "SV Pillenkoenig St. Veit"]

1.Nf3 d6 2.d4 Nf6 3.c4 g6 4.g3 Bg7 5.Bg2 O-O 6.O-O Nbd7 7.Nc3 e5 8.e4 exd4 9.Nxd4
Re8 10.h3 Nc5 11.Re1 Bd7 12.Rb1 a5 13.b3 h6 14.Bb2 c6 15.Nc2 Qc7 16.Qd2 Re6 17.g4
Rae8 18.f3 Nh7 19.Kh1 Bc8 20.Rbd1 Rd8 21.Ne3 Ree8 22.Re2 Ne6 23.Rf2 Be5 24.Ne2 Bxb2
25.Qxb2 Qe7 26.Rff1 Nc5 27.Nd4 Qe5 28.Qd2 Qg5 29.Rfe1 Ne6 30.Nxe6 Bxe6 31.Nc2 1/2-1/2

[Event "1. Bundesliga 2017/2018"]
[Site "Grieskirchen"]
[Date "2018.01.20"]
[Round "7"]
[Board "5"]
[White "Kuljasevic, Davorin"]
[Black "Blohberger, Felix"]
[Result "1-0"]
[WhiteElo "2538"]
[BlackElo "2429"]
[PlyCount "111"]
[EventDate "2017.11.16"]
[EventType "team"]
[EventRounds "11"]
[EventCountry "AUT"]
[WhiteTeam "SV Pillenkoenig St. Veit"]
[BlackTeam "mpimmo Wien - SK Ottakring"]

1.d4 Nf6 2.c4 e6 3.Nf3 Bb4+ 4.Nbd2 d6 5.a3 Bxd2+ 6.Qxd2 Nbd7 7.b4 a5 8.Bb2 axb4 9.axb4
Rxa1+ 10.Bxa1 O-O 11.e3 b6 12.Be2 Bb7 13.O-O Qe7 14.Bb2 Ra8 15.Ra1 Rxa1+ 16.Bxa1 Qd8
17.Qa2 Qa8 18.Qxa8+ Bxa8 19.b5 c5 20.bxc6 Bxc6 21.Bb2 d5 22.Nd2 dxc4 23.Nxc4 Bb5 24.f3
Nd5 25.Kf2 Bxc4 26.Bxc4 Kf8 27.e4 Nc7 28.Ba3+ Ke8 29.Ke3 Nf6 30.g4 Kd7 31.Bf8 Nfe8
32.Bb3 b5 33.h4 Na8 34.Kd3 Nb6 35.Kc3 Kc6 36.Kb4 g6 37.Bd1 Nc7 38.Be2 Nc8 39.Ka5 Nb6
40.Be7 Nc4+ 41.Bxc4 bxc4 42.Kb4 f5 43.Kxc4 fxg4 44.fxg4 Ne8 45.g5 Kd7 46.Bf8 Nc7 47.Bg7
Na8 48.Kc5 Kc7 49.Be5+ Kb7 50.Kd6 Nc7 51.Ke7 Nb5 52.Kxe6 Nc3 53.Kf7 Nxe4 54.Kg7 Nd2
55.Kxh7 Nf3 56.Bg3 1-0

[Event "1. Bundesliga 2017/2018"]
[Site "Grieskirchen"]
[Date "2018.01.20"]
[Round "7"]
[Board "6"]
[White "Steiner, Adam"]
[Black "Rogic, Davor"]
[Result "0-1"]
[WhiteElo "2188"]
[BlackElo "2515"]
[PlyCount "54"]
[EventDate "2017.11.16"]
[EventType "team"]
[EventRounds "11"]
[EventCountry "AUT"]
[WhiteTeam "mpimmo Wien - SK Ottakring"]
[BlackTeam "SV Pillenkoenig St. Veit"]

1.e4 c5 2.c3 d5 3.exd5 Qxd5 4.d4 Nf6 5.Nf3 e6 6.a3 Nc6 7.Be3 cxd4 8.cxd4 Be7 9.Nc3
Qd8 10.Bd3 O-O 11.O-O b6 12.Qe2 Bb7 13.Rac1 Rc8 14.Rfd1 Qd6 15.Bb1 Rfd8 16.Bg5 Na5
17.d5 Bxd5 18.Nxd5 exd5 19.Nd4 g6 20.Bf5 Rxc1 21.Rxc1 Ne4 22.Nb5 Qe5 23.Bxe7 Qxe7
24.Bh3 Nc4 25.b3 Nxa3 26.f3 Nxb5 27.Qxb5 Nc3 0-1

[Event "1. Bundesliga 2017/2018"]
[Site "Grieskirchen"]
[Date "2018.01.20"]
[Round "7"]
[Board "1"]
[White "Melkumyan, Hrant"]
[Black "Jobava, Baadur"]
[Result "1-0"]
[WhiteElo "2669"]
[BlackElo "2669"]
[PlyCount "107"]
[EventDate "2017.11.16"]
[EventType "team"]
[EventRounds "11"]
[EventCountry "AUT"]
[WhiteTeam "ASVOE Wulkaprodersdorf"]
[BlackTeam "Schachklub Sparkasse Jenbach"]

1.d4 d5 2.c4 c6 3.Nf3 dxc4 4.e3 Be6 5.a4 Nf6 6.Na3 c5 7.Nxc4 Nc6 8.a5 Bd5 9.a6 e6
10.Nce5 Nxe5 11.dxe5 Nd7 12.axb7 Rb8 13.Rxa7 c4 14.Bd2 Qb6 15.Ra8 Qxb7 16.Rxb8+ Qxb8
17.Qa4 Qxb2 18.Bxc4 Bxf3 19.gxf3 Bc5 20.Ke2 Ke7 21.f4 Rb8 22.Rc1 h6 23.Bd3 Qa3 24.Bb5
Qxa4 25.Bxa4 Rb2 26.Rc2 Rxc2 27.Bxc2 g6 28.Kd3 Nb6 29.Bb3 Kf8 30.Bc3 Be7 31.Bd4 Nd7
32.Kc4 Kg8 33.Kb5 Nf8 34.Bc2 Ba3 35.Kc6 Bb4 36.Kc7 Bd2 37.Kd8 Nh7 38.Ke8 Kg7 39.Bc5
Kg8 40.Bd3 Kg7 41.Bd4 h5 42.Be2 Be1 43.e4 Bd2 44.f5 Ng5 45.f6+ Kg8 46.h4 Nh7 47.Be3
Bc3 48.f4 Be1 49.f5 exf5 50.exf5 Bxh4 51.fxg6 fxg6 52.Bc4+ Kh8 53.Kf7 Bg3 54.Bh6 1-0

[Event "1. Bundesliga 2017/2018"]
[Site "Grieskirchen"]
[Date "2018.01.20"]
[Round "7"]
[Board "2"]
[White "Nisipeanu, Liviu-Dieter"]
[Black "Kraemer, Martin"]
[Result "1-0"]
[WhiteElo "2681"]
[BlackElo "2579"]
[PlyCount "115"]
[EventDate "2017.11.16"]
[EventType "team"]
[EventRounds "11"]
[EventCountry "AUT"]
[WhiteTeam "Schachklub Sparkasse Jenbach"]
[BlackTeam "ASVOE Wulkaprodersdorf"]

1.Nf3 d5 2.g3 c5 3.Bg2 Nf6 4.O-O e6 5.c4 d4 6.e3 Nc6 7.exd4 cxd4 8.d3 Bd6 9.Bg5 h6
10.Bxf6 Qxf6 11.Nbd2 Qe7 12.Re1 O-O 13.a3 a5 14.Rc1 Rd8 15.Nh4 Bc7 16.c5 Bd7 17.Nf5
Qf8 18.Nd6 Bxd6 19.cxd6 Qxd6 20.Ne4 Qe7 21.Nc5 Be8 22.Qb3 Rab8 23.Qb6 Rdc8 24.f4 Qd8
25.Qxd8 Nxd8 26.f5 Bb5 27.fxe6 Nxe6 28.Nxe6 Rxc1 29.Rxc1 fxe6 30.Be4 Kf7 31.Kf2 Bc6
32.Rc4 Bxe4 33.dxe4 e5 34.Rc5 Kf6 35.Rxa5 Rc8 36.Rb5 Rc2+ 37.Kf3 Rc7 38.h4 h5 39.Rb6+
Kf7 40.a4 Ke8 41.Rb5 Re7 42.Ke2 Kd8 43.a5 Kc8 44.Rb6 Rc7 45.Rb5 Re7 46.b4 Re6 47.Kd3
b6 48.a6 Kb8 49.Rd5 Ka7 50.b5 Re7 51.Kd2 Kb8 52.Rd6 Ka7 53.Rg6 Rc7 54.Rg5 Rc5 55.Rxg7+
Ka8 56.g4 Rxb5 57.gxh5 Rb2+ 58.Kc1 1-0

[Event "1. Bundesliga 2017/2018"]
[Site "Grieskirchen"]
[Date "2018.01.20"]
[Round "7"]
[Board "3"]
[White "Nagy, Gabor"]
[Black "Volokitin, Andrei"]
[Result "0-1"]
[WhiteElo "2481"]
[BlackElo "2632"]
[PlyCount "64"]
[EventDate "2017.11.16"]
[EventType "team"]
[EventRounds "11"]
[EventCountry "AUT"]
[WhiteTeam "ASVOE Wulkaprodersdorf"]
[BlackTeam "Schachklub Sparkasse Jenbach"]

1.Nf3 d5 2.g3 g6 3.c4 dxc4 4.Qa4+ Nc6 5.Bg2 Bg7 6.Qxc4 e5 7.Ng5 Nh6 8.Bxc6+ bxc6 9.Qxc6+
Bd7 10.Qg2 Nf5 11.d3 Nd4 12.Na3 O-O 13.f3 f5 14.O-O h6 15.Nh3 f4 16.g4 h5 17.Nf2 Nxe2+
18.Kh1 Qh4 19.Ne4 Ng3+ 20.Nxg3 fxg3 21.Qxg3 Qxg3 22.hxg3 hxg4 23.Be3 gxf3 24.Rac1
Bf5 25.Rc3 Rad8 26.Rd1 e4 27.Rxc7 Be5 28.Rxa7 Bxg3 29.Nc4 Rxd3 30.Rxd3 exd3 31.Bd4
Re8 32.Ne3 d2 0-1

[Event "1. Bundesliga 2017/2018"]
[Site "Grieskirchen"]
[Date "2018.01.20"]
[Round "7"]
[Board "4"]
[White "Acs, Peter"]
[Black "Yankelevich, Lev"]
[Result "1/2-1/2"]
[WhiteElo "2592"]
[BlackElo "2411"]
[PlyCount "61"]
[EventDate "2017.11.16"]
[EventType "team"]
[EventRounds "11"]
[EventCountry "AUT"]
[WhiteTeam "Schachklub Sparkasse Jenbach"]
[BlackTeam "ASVOE Wulkaprodersdorf"]

1.e4 e5 2.Nf3 Nc6 3.Bb5 a6 4.Ba4 g6 5.c3 Bg7 6.d4 exd4 7.cxd4 b5 8.Bc2 d6 9.h3 Nf6
10.Nc3 O-O 11.O-O Re8 12.Re1 Bb7 13.a3 Na5 14.Bf4 Nc4 15.Qc1 c5 16.d5 Nd7 17.Bd3 Nce5
18.Nxe5 Nxe5 19.Bf1 c4 20.Qd2 Rc8 21.Be3 Nd7 22.Bd4 Nc5 23.Bxg7 Kxg7 24.Rad1 Qb6 25.h4
Re5 26.Qd4 Nd7 27.Qxb6 Nxb6 28.g3 Rc5 29.f4 Re8 30.Bg2 Rd8 31.e5 1/2-1/2